00615nam a2200169 a 450000100100000000500170001000800410002702000150006810000330008324500840011626000520020030000280025270000300028095201050031099900170041504000130043200003964020201002033643.0130712s2004 ag a 000 c spa d a98790650931 aZane Mairowitz, David96582510aKafka para principiantes. /cDavid Zane Mairowitz; ilustraciones, Robert Crumb. aBuenos Aires, Argentina :bEra naciente,c2004. a175 p. :bil. ;c20 cm.1 aCrumb, Roberteil.965826 001050718MOaGRbGRcCTd2013-07-12iLF1l0o p39640-10r2020-06-25w2020-06-25y1ZNo se presta c39130d39130 aDO-SdBNP